00826nam a2200241Ia 450000100060000000300090000600800410001504000130005604000130006904100130008210000200009510000290011524500300014424500470017425000110022126000110023226000180024326000490026130000570031050001610036765000250052865000310055396689IT-RoPAU130308s9999 xx 000 0 und d aIT-RoPAU cIT-RoPAU aITALIANO aRuggenini Mario gCodice Aut. SPICS: 33550 aTerra e la metropoli (La) bImmaginario tecnologico metropolitano (L') a1a ed. aMILANO bAngeli Franco c1991 [1° Ed.:1991 - Ed.Ling.Originale:1987] a"11 p. (prefazione: no ; testo: 11 [pagine: 75-85])" aSpazio e Parola. Logos e Ethos. Esistere e Abitare. metropoli tecnologica nel Tempo del dominio della Produzione. Sacro e bellezza Come misura dell'Abitare. aSAGGI DI URBANISTICA eCodice materia Spics: 5361